header

Advances in modeling and design of adhesively bonded systems (Record no. 27262)

MARC details
000 -LEADER
fixed length control field 01303nam a2200325Ia 4500
100 1# - MAIN ENTRY--AUTHOR NAME
Personal name Kumar, S.
245 10 - TITLE STATEMENT
Title Advances in modeling and design of adhesively bonded systems
260 ## - PUBLICATION, DISTRIBUTION, ETC. (IMPRINT)
Place of publication Hoboken :
Name of publisher Wiley,
Year of publication 2013.
300 ## - PHYSICAL DESCRIPTION
Number of Pages xv, 260 p. :
Other physical details ill.
490 1# - SERIES STATEMENT
Series statement Adhesion and adhesives: fundamental and applied aspects
650 #0 - SUBJECT ADDED ENTRY--TOPICAL TERM
Topical Term System design.
Topical Term Mathematical models.
700 1# - ADDED ENTRY--PERSONAL NAME
Personal name Mittal, K. L.,
856 40 - ELECTRONIC LOCATION AND ACCESS
Uniform Resource Identifier http://site.ebrary.com/lib/rucke/Doc?id=10716710

No items available.

© 2026 Rongo University
Contact us: librarian | system librarian | Rongo university